Snow princess / (Record no. 21461)

000 -LEADER
fixed length control field 00705nam a22001937a 4500
003 - CONTROL NUMBER IDENTIFIER
control field OSt
005 - DATE AND TIME OF LATEST TRANSACTION
control field 20251022165058.0
008 - FIXED-LENGTH DATA ELEMENTS--GENERAL INFORMATION
fixed length control field 251022b xxua|||j |||| 00| j eng |
040 ## - CATALOGING SOURCE
Transcribing agency csuc
082 ## - DEWEY DECIMAL CLASSIFICATION NUMBER
Edition number 23
Classification number 398.2
Item number En59
100 ## - MAIN ENTRY--PERSONAL NAME
Personal name Enriquez, Aina
245 ## - TITLE STATEMENT
Title Snow princess /
Statement of responsibility, etc story by Aina Enriquez, Illustrated by Marvin Romero, Color & cover design by Milton R. De los santos
260 ## - PUBLICATION, DISTRIBUTION, ETC. (IMPRINT)
Place of publication, distribution, etc [Place of publication not identified] :
Name of publisher, distributor, etc [Name of publisher not identified],
Date of publication, distribution, etc [202?].
300 ## - PHYSICAL DESCRIPTION
Extent [unnumbered pages] :
Other physical details color illustrations ;
Dimensions 23 cm.
490 ## - SERIES STATEMENT
Series statement The best bedtime stories
700 ## - ADDED ENTRY--PERSONAL NAME
Personal name Romero, Marvin
Relator term illustrator.
700 ## - ADDED ENTRY--PERSONAL NAME
Personal name De los Santos, Milton R.
Relator term designer.
942 ## - ADDED ENTRY ELEMENTS (KOHA)
Source of classification or shelving scheme
Koha item type Books

No copies available.

Cagayan State University University Library, Carig Campus
Tuguegarao City, Cagayan 3500 | www.csucarig.edu.ph

Powered by Koha